| 000 | 00439nam a22001577a 4500 | ||
|---|---|---|---|
| 020 | _a8190291017 | ||
| 082 |
_aH 891.430 7 _bJAS/H |
||
| 100 |
_aJaswantbai D Pandya _946548 |
||
| 245 |
_aHindi sahitya: _bvividh aayam/ _cby Jaswantbai D Pandya |
||
| 260 |
_aKanpur: _bJnan Prakashan, _c2006. |
||
| 300 | _a148p. | ||
| 650 |
_aLiterature Hindi Study _946549 |
||
| 650 |
_aLiterature Hindi _946550 |
||
| 650 |
_aLiterature _946551 |
||
| 942 | _cBK | ||
| 999 |
_c71636 _d71636 |
||